Information technology for management: advancing sustainable, profitable business growth / (Record no. 252)

000 -LEADER
fixed length control field 00666 a2200193 4500
008 - FIXED-LENGTH DATA ELEMENTS--GENERAL INFORMATION
fixed length control field 210419b ||||| |||| 00| 0 eng d
020 ## - INTERNATIONAL STANDARD BOOK NUMBER
International Standard Book Number 9788126558711
082 00 - DEWEY DECIMAL CLASSIFICATION NUMBER
Classification number 658.4038011
Item number T931
100 ## - MAIN ENTRY--PERSONAL NAME
Personal name Turban, E.
9 (RLIN) 4959
245 ## - TITLE STATEMENT
Title Information technology for management: advancing sustainable, profitable business growth /
250 ## - EDITION STATEMENT
Edition statement 1st ed.
260 ## - PUBLICATION, DISTRIBUTION, ETC. (IMPRINT)
Place of publication, distribution, etc New Delhi:
Name of publisher, distributor, etc Wiley India,
Date of publication, distribution, etc 2016.
300 ## - PHYSICAL DESCRIPTION
Extent xii, 362p.+S10 p.
650 #0 - SUBJECT ADDED ENTRY--TOPICAL TERM
Topical term or geographic name as entry element Management Information Systems
700 ## - ADDED ENTRY--PERSONAL NAME
9 (RLIN) 4961
Personal name Wali, O. P.
9 (RLIN) 4962
Personal name Volonio, Linda
9 (RLIN) 4963
Personal name Wood, Gregory R.
942 ## - ADDED ENTRY ELEMENTS (KOHA)
Source of classification or shelving scheme
Item type Books
Holdings
Withdrawn status Lost status Source of classification or shelving scheme Damaged status Not for loan Permanent location Current location Date acquired Source of acquisition Cost, normal purchase price Full call number Barcode Date last seen Cost, replacement price Koha item type Total Checkouts Total Renewals Date last borrowed
          IMU Kolkata IMU Kolkata 2019-09-16 Sterling Book House 679.15 658.4038011 T931 13372 2019-09-16 799.00 Books      
          IMU Kolkata IMU Kolkata 2019-09-16 Sterling Book House 679.15 658.4038011 T931 13373 2019-09-16 799.00 Books      
          IMU Kolkata IMU Kolkata 2019-09-16 Sterling Book House 679.15 658.4038011 T931 13374 2019-09-16 799.00 Books      
          IMU Kolkata IMU Kolkata 2019-09-16 Sterling Book House 679.15 658.4038011 T931 13375 2019-09-16 799.00 Books      
          IMU Kolkata IMU Kolkata 2017-05-17 Jyoti, the Book People 587.26 658.4038011 T931 12613 2024-02-21 799.00 Books 2 1 2024-02-06
          IMU Kolkata IMU Kolkata 2017-05-17 Jyoti, the Book People 587.26 658.4038011 T931 12614 2024-06-24 799.00 Books 1   2024-01-24
          IMU Kolkata IMU Kolkata 2017-05-17 Jyoti, the Book People 587.26 658.4038011 T931 12615 2024-05-27 799.00 Books 4 3 2024-04-08
          IMU Kolkata IMU Kolkata 2017-05-17 Jyoti, the Book People 587.26 658.4038011 T931 12616 2019-10-14 799.00 Books      
          IMU Kolkata IMU Kolkata 2017-05-17 Jyoti, the Book People 587.26 658.4038011 T931 12617 2019-10-14 799.00 Books      
Designed and Maintained by IMU-KC Library, Kolkata Campus © Copyright All Rights Reserved

webs counters

Powered by Koha